[Event "España ch 2010 sub-14"]
[Site "Linares ESP"]
[Date "2010.07.18"]
[Round "9.15"]
[White "Cavalle Pulla, Daniel"]
[Black "Lopez Martin, Jaime"]
[Result "1/2-1/2"]
[WhiteElo "1862"]
[BlackElo "1757"]
[PlyCount "56"]
[EventDate "2010.07.13"]
[EventType "swiss"]
[EventRounds "9"]
[EventCountry "ESP"]
[Source "lmi"]
[SourceDate "2010.07.13"]

1. e4 c5 2. Nf3 a6 3. Nc3 b5 4. d4 cxd4 5. Nxd4 Bb7 6. Bd3 e6 7. O-O Nf6 8. e5
Nd5 9. Nxd5 Bxd5 10. Qe2 Nc6 11. Nxc6 Bxc6 12. Be3 Be7 13. Qg4 g6 14. Rad1 h5
15. Qd4 O-O 16. Be4 Bxe4 17. Qxe4 Qc7 18. Rd2 Rfd8 19. Rfd1 Rab8 20. h4 b4 21.
Bg5 Bxg5 22. hxg5 Rb5 23. f4 Rb6 24. Rd4 d5 25. exd6 Rbxd6 26. Rxd6 Rxd6 27.
Rxd6 Qxd6 28. Kh2 Qb6 1/2-1/2

[Event "España ch 2010 sub-14"]
[Site "Linares ESP"]
[Date "2010.07.18"]
[Round "9.16"]
[White "Alonso Vara, Maria"]
[Black "Garcia Acosta, Roger"]
[Result "0-1"]
[WhiteElo "1736"]
[BlackElo "1857"]
[PlyCount "128"]
[EventDate "2010.07.13"]
[EventType "swiss"]
[EventRounds "9"]
[EventCountry "ESP"]
[Source "lmi"]
[SourceDate "2010.07.13"]

1. e4 e5 2. Nf3 Nc6 3. Bb5 a6 4. Ba4 Nf6 5. d3 b5 6. Bb3 d6 7. c3 Be7 8. O-O
O-O 9. Re1 Na5 10. Bc2 c5 11. Nbd2 Nc6 12. Nf1 Qc7 13. Ng3 a5 14. h3 Re8 15.
Nh2 b4 16. f4 exf4 17. Bxf4 Ne5 18. Nf5 Bxf5 19. exf5 Nd5 20. Bd2 Bh4 21. Re4
Bf6 22. Bb3 Ne7 23. Ng4 Nxg4 24. Qxg4 d5 25. Ree1 Qd7 26. Rf1 Rac8 27. Bg5 Bxg5
28. Qxg5 f6 29. Qf4 c4 30. dxc4 a4 31. Bd1 Rxc4 32. Qf3 bxc3 33. bxc3 d4 34.
cxd4 Qxd4+ 35. Kh1 Qxa1 36. Bb3 axb3 37. Rxa1 b2 38. Rg1 Rb8 39. Qe3 b1=Q 40.
Rxb1 Rxb1+ 41. Kh2 Rc7 42. Qe6+ Kf8 43. Qd6 Rbc1 44. a4 R1c6 45. Qb4 Rc4 46.
Qd6 Rc8 47. a5 R4c5 48. a6 R5c6 49. Qd3 Ra8 50. a7 Rc7 51. Qf3 Rcxa7 52. Qh5
Kg8 53. Qe2 Kh8 54. Qe4 Ng8 55. Qd5 Nh6 56. g4 Nf7 57. h4 Ne5 58. g5 Ra5 59.
Qe6 Ra2+ 60. Kg3 R8a3+ 61. Kf4 Rf3+ 62. Ke4 Re2+ 63. Kd4 Rd3+ 64. Kc5 Nd7+ 0-1

[Event "España ch 2010 sub-14"]
[Site "Linares ESP"]
[Date "2010.07.18"]
[Round "9.18"]
[White "Montoliu Cervero, Francisco"]
[Black "Garrido Piriz, Pablo"]
[Result "1-0"]
[WhiteElo "2153"]
[BlackElo "1760"]
[PlyCount "85"]
[EventDate "2010.07.13"]
[EventType "swiss"]
[EventRounds "9"]
[EventCountry "ESP"]
[Source "lmi"]
[SourceDate "2010.07.13"]

1. e4 c5 2. Nf3 d6 3. d4 cxd4 4. Nxd4 Nf6 5. Nc3 g6 6. Be3 Bg7 7. f3 O-O 8. Qd2
Nc6 9. O-O-O d5 10. exd5 Nxd5 11. Nxc6 bxc6 12. Bd4 Nxc3 13. Qxc3 Bh6+ 14. Be3
Bxe3+ 15. Qxe3 Qb6 16. Qc3 Be6 17. a3 Rab8 18. h4 Rb7 19. h5 Rfb8 20. b3 Qc7
21. hxg6 fxg6 22. Bd3 Qf4+ 23. Kb2 Qf6 24. Qxf6 exf6 25. Be4 Rc7 26. Rd6 Re8
27. Bxc6 Rec8 28. Rxe6 Rxc6 29. Rxc6 Rxc6 30. Rd1 a6 31. c4 Kg7 32. Rd7+ Kh6
33. Kc3 Kg5 34. b4 Kf4 35. a4 Kg3 36. b5 axb5 37. axb5 Rc8 38. Rd2 h5 39. b6 h4
40. b7 Rb8 41. Rb2 Rxb7 42. Rxb7 Kxg2 43. c5 1-0

[Event "España ch 2010 sub-14"]
[Site "Linares ESP"]
[Date "2010.07.18"]
[Round "9.19"]
[White "Rojano Alfonso, Carlos"]
[Black "Nieves Cabanes, Javier"]
[Result "1-0"]
[WhiteElo "1953"]
[BlackElo "1754"]
[PlyCount "45"]
[EventDate "2010.07.13"]
[EventType "swiss"]
[EventRounds "9"]
[EventCountry "ESP"]
[Source "lmi"]
[SourceDate "2010.07.13"]

1. e4 c5 2. Nc3 Nc6 3. Bb5 g6 4. Bxc6 bxc6 5. d4 Bg7 6. Be3 d5 7. Nge2 e5 8.
exd5 cxd4 9. Nxd4 exd4 10. Bxd4 Nf6 11. Qe2+ Qe7 12. Qxe7+ Kxe7 13. dxc6 Re8
14. O-O-O Kf8 15. Nb5 Re7 16. Nc7 Bh6+ 17. Kb1 Bf5 18. Nxa8 Bxc2+ 19. Ka1 Bxd1
20. Rxd1 Ne8 21. Bc5 Kg8 22. c7 Nxc7 23. Nxc7 1-0

[Event "España ch 2010 sub-14"]
[Site "Linares ESP"]
[Date "2010.07.18"]
[Round "9.20"]
[White "Martin Perez, Laura"]
[Black "Garcia De Lomas Guerrero, Carlo"]
[Result "0-1"]
[WhiteElo "1738"]
[BlackElo "1915"]
[PlyCount "108"]
[EventDate "2010.07.13"]
[EventType "swiss"]
[EventRounds "9"]
[EventCountry "ESP"]
[Source "lmi"]
[SourceDate "2010.07.13"]

1. d4 Nf6 2. c4 c5 3. e3 g6 4. Nc3 Bg7 5. Nf3 O-O 6. Be2 d5 7. O-O cxd4 8. Nxd4
e5 9. Nf3 e4 10. Nd4 Re8 11. Qb3 dxc4 12. Bxc4 Qe7 13. Nce2 b6 14. Bd2 Bb7 15.
Bb4 Qc7 16. Nb5 Qe5 17. Bxf7+ Kh8 18. Bxe8 Nxe8 19. Bc3 Qe7 20. Bxg7+ Nxg7 21.
Rad1 Nc6 22. Nd6 Na5 23. Qf7 Qxf7 24. Nxf7+ Kg8 25. Nd6 Ba6 26. Rfe1 Bd3 27.
Nf4 Nc4 28. Rxd3 exd3 29. Nxc4 Rc8 30. Nd2 Rc2 31. Rd1 Rxb2 32. Nxd3 Rxa2 33.
Kf1 a5 34. Ke2 b5 35. Rb1 b4 36. Rb2 Ra3 37. Nc4 Ra1 38. Nc5 Rc1 39. Kd3 Rc3+
40. Kd4 Nf5+ 41. Kd5 Ne7+ 42. Kd4 Nf5+ 43. Kd5 Ne7+ 44. Kd6 Nf5+ 45. Kc6 Rxc4
46. Ra2 b3 47. Rxa5 b2 48. Rb5 Rc2 49. g4 Ne7+ 50. Kd6 Nc8+ 51. Kd5 Ne7+ 52.
Kd6 Nc8+ 53. Kd5 Ne7+ 54. Kd6 Nc8+ 0-1

[Event "España ch 2010 sub-14"]
[Site "Linares ESP"]
[Date "2010.07.18"]
[Round "9.21"]
[White "Buendia Pinar, Alvaro"]
[Black "Jimenez Peñafiel, Gustavo"]
[Result "1/2-1/2"]
[WhiteElo "1905"]
[BlackElo "1746"]
[PlyCount "107"]
[EventDate "2010.07.13"]
[EventType "swiss"]
[EventRounds "9"]
[EventCountry "ESP"]
[Source "lmi"]
[SourceDate "2010.07.13"]

1. d4 Nf6 2. c4 c5 3. e3 g6 4. Nc3 Bg7 5. Nf3 O-O 6. Be2 d5 7. O-O cxd4 8. Nxd4
e5 9. Nf3 e4 10. Nd4 Re8 11. Qb3 dxc4 12. Bxc4 Qe7 13. Nce2 b6 14. Bd2 Bb7 15.
Bb4 Qc7 16. Nb5 Qe5 17. Bxf7+ Kh8 18. Bxe8 Nxe8 19. Bc3 Qe7 20. Bxg7+ Nxg7 21.
Rad1 Nc6 22. Nd6 Na5 23. Qf7 Qxf7 24. Nxf7+ Kg8 25. Nd6 Ba6 26. Rfe1 Bd3 27.
Nf4 Nc4 28. Rxd3 exd3 29. Nxc4 Rc8 30. Nd2 Rc2 31. Rd1 Rxb2 32. Nxd3 Rxa2 33.
Kf1 a5 34. Ke2 b5 35. Rb1 b4 36. Rb2 Ra3 37. Nc4 Ra1 38. Nc5 Rc1 39. Kd3 Rc3+
40. Kd4 Nf5+ 41. Kd5 Ne7+ 42. Kd4 Nf5+ 43. Kd5 Ne7+ 44. Kd6 Nf5+ 45. Kc6 Rxc4
46. Ra2 b3 47. Rxa5 b2 48. Rb5 Rc2 49. g4 Ne7+ 50. Kd6 Nc8+ 51. Kd5 Ne7+ 52.
Kd6 Nc8+ 53. Kd5 Ne7+ 54. Kd6 1/2-1/2

[Event "España ch 2010 sub-14"]
[Site "Linares ESP"]
[Date "2010.07.18"]
[Round "9.22"]
[White "Dominguez Carnero, Javier"]
[Black "Ruiz Font, Elisabet"]
[Result "0-1"]
[WhiteElo "1588"]
[BlackElo "1899"]
[PlyCount "120"]
[EventDate "2010.07.13"]
[EventType "swiss"]
[EventRounds "9"]
[EventCountry "ESP"]
[Source "lmi"]
[SourceDate "2010.07.13"]

1. d4 f5 2. g3 Nf6 3. Bg2 g6 4. Nf3 Bg7 5. O-O d6 6. c3 e6 7. Nbd2 O-O 8. Re1
Nc6 9. e4 fxe4 10. Nxe4 Nxe4 11. Rxe4 e5 12. Bg5 Qd7 13. dxe5 Nxe5 14. Nxe5
Bxe5 15. f4 Bf6 16. Qd5+ Qf7 17. Qxf7+ Kxf7 18. Bxf6 Kxf6 19. Rae1 c6 20. Re7
h5 21. h4 Rb8 22. Kh2 Bf5 23. Bh3 Rf7 24. Re8 Rf8 25. R8e7 Rf7 26. Re8 Rxe8 27.
Rxe8 Re7 28. Rxe7 Kxe7 29. Bf1 Ke6 30. Kg2 Be4+ 31. Kf2 b6 32. Ke3 d5 33. Ba6
Kd7 34. c4 Bg2 35. cxd5 Bxd5 36. Bd3 Bf7 37. a3 Ke7 38. Be4 Kd6 39. Kd4 c5+ 40.
Kd3 Ke7 41. Ke3 Kf6 42. Kf3 Be6 43. Ke3 Bd7 44. Bd3 b5 45. Be4 a5 46. Bd3 Bc6
47. Bc2 Bd7 48. Be4 Be8 49. Bd3 Ke6 50. Ke4 Bc6+ 51. Ke3 Kf6 52. Bc2 Bd5 53.
Bd3 b4 54. axb4 axb4 55. Bc2 Be6 56. Be4 Bf5 57. Bd5 Bb1 58. Bc4 Kf5 59. Be2
Bc2 60. Bc4 Kg4 0-1

[Event "España ch 2010 sub-14"]
[Site "Linares ESP"]
[Date "2010.07.18"]
[Round "9.23"]
[White "Calle Moreau, Sergio"]
[Black "Rodriguez Garcia, Carlos"]
[Result "1-0"]
[WhiteElo "1897"]
[BlackElo "1752"]
[PlyCount "65"]
[EventDate "2010.07.13"]
[EventType "swiss"]
[EventRounds "9"]
[EventCountry "ESP"]
[Source "lmi"]
[SourceDate "2010.07.13"]

1. e4 e6 2. Nf3 d5 3. Nc3 Nf6 4. exd5 exd5 5. d4 Bf5 6. Bd3 Bxd3 7. Qxd3 Bd6 8.
Bg5 c6 9. O-O O-O 10. Rfe1 Nbd7 11. Re2 h6 12. Bh4 Qc7 13. Rae1 Rfe8 14. Bg3
Bxg3 15. hxg3 Nf8 16. Ne5 Re6 17. Re3 Rae8 18. Ne2 Ne4 19. Nf4 R6e7 20. c4 Nf6
21. c5 Ne4 22. b4 Nd7 23. Nxd7 Qxd7 24. Qa3 a6 25. Nd3 f6 26. Nf4 Nd2 27. Qd3
Nc4 28. Rxe7 Rxe7 29. Rxe7 Qxe7 30. Kf1 Nb2 31. Qf5 Kf7 32. Qg6+ Kf8 33. Qc2
1-0

[Event "España ch 2010 sub-14"]
[Site "Linares ESP"]
[Date "2010.07.18"]
[Round "9.24"]
[White "Marchena Hurtado, Javier"]
[Black "Abal Cores, Lucas"]
[Result "1/2-1/2"]
[WhiteElo "1812"]
[BlackElo "1658"]
[PlyCount "107"]
[EventDate "2010.07.13"]
[EventType "swiss"]
[EventRounds "9"]
[EventCountry "ESP"]
[Source "lmi"]
[SourceDate "2010.07.13"]

1. e4 e5 2. Nf3 Nf6 3. Nxe5 d6 4. Nf3 Nxe4 5. d4 d5 6. Bd3 Be7 7. O-O Nc6 8. c4
Nb4 9. Be2 O-O 10. Nc3 Bf5 11. a3 Nxc3 12. bxc3 Nc6 13. Re1 Bf6 14. Bf4 Ne7 15.
Qb3 b6 16. cxd5 Nxd5 17. Bg3 c5 18. Rad1 Be6 19. c4 Ne7 20. dxc5 Qc8 21. cxb6
Qb7 22. Rb1 axb6 23. Qxb6 Qxb6 24. Rxb6 Rxa3 25. Rc1 Rc8 26. Be5 Nd5 27. Rb8
Rxb8 28. Bxb8 Nc3 29. Bf1 Na2 30. Rb1 Nc3 31. Re1 Na4 32. Bd6 Rc3 33. Ne5 h5
34. f4 Bd8 35. Ra1 Bb6+ 36. Kh1 Nb2 37. Be2 h4 38. Bb4 Re3 39. Bf1 Re4 40. Bc3
Nxc4 41. Ra8+ Kh7 42. Bd3 Bf5 43. Bxe4 Bxe4 44. Nxc4 Bxa8 45. Nxb6 Bc6 46. Kg1
Kg6 47. Kf2 f6 48. Nc8 Be4 49. Nd6 Bd5 50. g3 hxg3+ 51. Kxg3 Kh5 52. Ne8 Kg6
53. Kh4 Bg8 54. Kg3 1/2-1/2

[Event "España ch 2010 sub-14"]
[Site "Linares ESP"]
[Date "2010.07.18"]
[Round "9.25"]
[White "Monge Gilgado, Eva Maria"]
[Black "Prado Acebo, Ines"]
[Result "1-0"]
[WhiteElo "1811"]
[BlackElo "1552"]
[PlyCount "95"]
[EventDate "2010.07.13"]
[EventType "swiss"]
[EventRounds "9"]
[EventCountry "ESP"]
[Source "lmi"]
[SourceDate "2010.07.13"]

1. e4 e5 2. Nf3 Nc6 3. Bc4 Bc5 4. c3 Nf6 5. d3 d6 6. Bb3 O-O 7. Nbd2 Be6 8. Bc2
Qe7 9. O-O Rad8 10. h3 d5 11. exd5 Bxd5 12. Qe2 Nd7 13. Ne4 Bb6 14. Bb3 Be6 15.
Bxe6 Qxe6 16. Nfg5 Qe7 17. Qh5 h6 18. Nf3 Nf6 19. Qf5 Nxe4 20. Qxe4 f5 21. Qc4+
Kh8 22. Be3 e4 23. dxe4 fxe4 24. Nd4 Ne5 25. Qe6 Bc5 26. Qxe7 Bxe7 27. Ne6 Rd3
28. Nxf8 Bxf8 29. Bd4 Nc4 30. b3 Na3 31. Rad1 Nb5 32. Rxd3 exd3 33. Rd1 c5 34.
Be5 Bd6 35. Bxd6 Nxd6 36. Rxd3 Ne4 37. f3 Nf6 38. Rd8+ Kh7 39. Ra8 Nd5 40. c4
Nb4 41. Rxa7 b6 42. Kf1 Kg6 43. Ke2 Kf6 44. Kd2 g5 45. a3 Nc6 46. Ra6 Kf5 47.
Rxb6 Nd4 48. a4 1-0